[Event "Reykjavik op"]
[Site "Reykjavik"]
[Date "2024.03.20"]
[Round "8"]
[White "Liagre, Nicolas Gonzague He"]
[Black "Ragnarsson, Johann Hjortur"]
[Result "1/2-1/2"]
[WhiteElo "1698"]
[BlackElo "1948"]
[PlyCount "111"]
[EventDate "2024.03.15"]
[EventType "swiss"]
[EventRounds "9"]
[EventCountry "ISL"]
[SourceTitle "CB13_2024"]
[SourceDate "2024.03.27"]
[SourceVersion "1"]
[SourceVersionDate "2024.03.27"]
[SourceQuality "1"]

1. e4 c6 2. d4 d5 3. Nd2 dxe4 4. Nxe4 Bf5 5. Ng3 Bg6 6. h4 h6 7. N1e2 e6 8. Nf4 Bh7 9. c3 Nf6 10. Bd3 Bxd3 11. Nxd3 Nbd7 12. Qf3 Qc7 13. Nh5 Nxh5 14. Qxh5 c5 15. Be3 c4 16. Ne5 Nxe5 17. Qxe5 0-0-0 18. Qxc7+ Kxc7 19. Bf4+ Kc6 20. 0-0-0 b5 21. b4 Bd6 22. Bxd6 Kxd6 23. Kc2 a5 24. Rb1 axb4 25. Rxb4 Ra8 26. Rxb5 Rxa2+ 27. Rb2 Rha8 28. Rhb1 Kd5 29. Re1 f6 30. f3 Ra1 31. Rb5+ Kc6 32. Rc5+ Kd6 33. Rxa1 Rxa1 34. Rxc4 Ra2+ 35. Kd3 Rxg2 36. Ra4 Rg3 37. Ra6+ Kd7 38. Ra7+ Kc6 39. Ra6+ Kb5 40. Rxe6 Rxf3+ 41. Re3 Rf1 42. Re7 g5 43. hxg5 hxg5 44. c4+ Kc6 45. d5+ Kd6 46. Re6+ Kd7 47. c5 g4 48. c6+ Kc7 49. Re7+ Kb6 50. Rb7+ Ka6 51. Rb2 Rc1 52. Ke4 g3 53. Kf5 Rc5 54. Ke6 f5 55. Kxf5 Rxd5+ 56. Kg4 1/2-1/2

[Event "Reykjavik op"]
[Site "Reykjavik"]
[Date "2024.03.16"]
[Round "3"]
[White "Ragnarsson, Johann Hjortur"]
[Black "Joensen, Henrik W"]
[Result "1-0"]
[WhiteElo "1948"]
[BlackElo "1751"]
[PlyCount "65"]
[EventDate "2024.03.15"]
[EventType "swiss"]
[EventRounds "9"]
[EventCountry "ISL"]
[SourceTitle "CB13_2024"]
[SourceDate "2024.03.27"]
[SourceVersion "1"]
[SourceVersionDate "2024.03.27"]
[SourceQuality "1"]

1. d4 Nf6 2. c4 e6 3. Nc3 Bb4 4. a3 Bxc3+ 5. bxc3 c5 6. d5 d6 7. f3 Qa5 8. Bb2 0-0 9. e4 Bd7 10. g4 exd5 11. cxd5 b5 12. Ne2 Na6 13. Ng3 Kh8 14. Bd3 c4 15. Bc2 Nc5 16. 0-0 Qb6 17. Kh1 Rfe8 18. Bc1 Qa5 19. Be3 Nb7 20. Bd4 Qd8 21. g5 Ng8 22. Nh5 f6 23. Rg1 Rf8 24. f4 g6 25. Nxf6 Nxf6 26. Bxf6+ Rxf6 27. Qd4 Kg7 28. Raf1 Kf7 29. gxf6 Qxf6 30. e5 Qe7 31. e6+ Bxe6 32. dxe6+ Qxe6 33. f5 1-0

[Event "ISL-chT Kvika 2324"]
[Site "Reykjavik"]
[Date "2023.10.14"]
[Round "3.3"]
[White "Ragnarsson, Johann Hjortur"]
[Black "Mai, Alexander Oliver"]
[Result "0-1"]
[WhiteElo "1914"]
[BlackElo "2118"]
[PlyCount "114"]
[EventDate "2023.10.12"]
[EventType "team-tourn"]
[EventRounds "10"]
[EventCountry "ISL"]
[SourceTitle "Mega2024 Update 01"]
[Source "Chessbase"]
[SourceDate "2023.11.12"]
[SourceVersion "1"]
[SourceVersionDate "2023.11.12"]
[SourceQuality "1"]
[WhiteTeam "Taflfelag Gardjabaejar"]
[BlackTeam "Taflfelag Reykjavikur"]
[WhiteTeamCountry "ISL"]
[BlackTeamCountry "ISL"]

1. d4 Nf6 2. c4 e6 3. Nc3 Bb4 4. a3 Bxc3+ 5. bxc3 c5 6. f3 d6 7. e4 Nc6 8. Be3 b6 9. Bd3 e5 10. d5 Na5 11. Ne2 Qd7 12. Ng3 h5 13. h4 Ba6 14. Qe2 g6 15. 0-0 Qa4 16. f4 Ng4 17. f5 0-0-0 18. fxg6 fxg6 19. Rf7 Rd7 20. Raf1 Bxc4 21. Rxd7 Bxd3 22. Rc7+ Kxc7 23. Rf7+ Kb8 24. Qxd3 Qe8 25. Rg7 Rg8 26. Rxg8 Qxg8 27. Bg5 Qf7 28. Qf3 Qe8 29. Nf1 Nc4 30. Bc1 Kb7 31. Nh2 Nxh2 32. Kxh2 Ka6 33. Qf6 Ka5 34. Bh6 Ka4 35. Bf8 Ne3 36. Qg7 Qb5 37. Qxa7+ Kb3 38. Qf7 Qe2 39. Qf3 Qxf3 40. gxf3 Nc4 41. f4 exf4 42. Bg7 Kc2 43. Kg2 Kd3 44. Kf3 Nd2+ 45. Kxf4 Nxe4 46. c4 Nd2 47. Bf8 Kxc4 48. Bxd6 Kxd5 49. Bc7 b5 50. Kg5 Nf3+ 51. Kxg6 Nxh4+ 52. Kxh5 Nf3 53. Kg4 Nd2 54. Bf4 Nb1 55. Bc1 Kc4 56. Kf3 Kb3 57. Ke2 Nxa3 0-1

[Event "ISL-chT Kvika 2324"]
[Site "Reykjavik"]
[Date "2023.10.12"]
[Round "1.2"]
[White "Ragnarsson, Johann Hjortur"]
[Black "Knutsson, Larus"]
[Result "1-0"]
[WhiteElo "1914"]
[BlackElo "2018"]
[PlyCount "99"]
[EventDate "2023.10.12"]
[EventType "team-tourn"]
[EventRounds "10"]
[EventCountry "ISL"]
[SourceTitle "Mega2024 Update 01"]
[Source "Chessbase"]
[SourceDate "2023.11.12"]
[SourceVersion "1"]
[SourceVersionDate "2023.11.12"]
[SourceQuality "1"]
[WhiteTeam "Taflfelag Gardjabaejar"]
[BlackTeam "Vikingaklubburinn"]
[WhiteTeamCountry "ISL"]
[BlackTeamCountry "ISL"]

1. d4 d5 2. c4 c6 3. cxd5 cxd5 4. Nc3 Nf6 5. Bf4 a6 6. Rc1 Nc6 7. Nf3 Ne4 8. e3 Nxc3 9. Rxc3 e5 10. Nxe5 Bb4 11. Bd3 Be6 12. Nxc6 bxc6 13. 0-0 Bxc3 14. bxc3 0-0 15. Qa4 Qd7 16. Qc2 h6 17. Rb1 Qc8 18. Rb6 Bd7 19. Qb2 c5 20. dxc5 Qxc5 21. Bd6 Qc8 22. Bxf8 Qxf8 23. Bxa6 Be6 24. a4 Kh7 25. a5 Ra7 26. h3 Bf5 27. Qb4 Qd8 28. Bb7 Qg5 29. Kh2 Be4 30. f3 Qe5+ 31. f4 Qh5 32. a6 Qe2 33. Qb2 Qxe3 34. Rb3 Qxf4+ 35. Kg1 Bd3 36. Qf2 Qxf2+ 37. Kxf2 Bxa6 38. Bxd5 Rc7 39. Ke3 f5 40. Kd4 Bc8 41. Rb6 g6 42. c4 Kg7 43. Ke5 Rd7 44. c5 f4 45. Rb8 Ba6 46. Rg8+ Kh7 47. Rf8 g5 48. c6 Ra7 49. Kf6 Bd3 50. Bg8+ 1-0

[Event "Reykjavik op"]
[Site "Reykjavik"]
[Date "2023.04.04"]
[Round "9"]
[White "Kather, Yannick"]
[Black "Ragnarsson, Johann Hjortur"]
[Result "1-0"]
[WhiteElo "2137"]
[BlackElo "1929"]
[PlyCount "63"]
[EventDate "2023.03.29"]
[EventType "swiss"]
[EventRounds "9"]
[EventCountry "ISL"]
[SourceTitle "EXT 2024"]
[Source "ChessBase"]
[SourceDate "2023.10.10"]
[SourceVersion "1"]
[SourceVersionDate "2023.10.10"]
[SourceQuality "1"]

1. e4 c6 2. d4 d5 3. Nd2 dxe4 4. Nxe4 Bf5 5. Ng3 Bg6 6. h4 h6 7. Nf3 Nd7 8. h5 Bh7 9. Bd3 Bxd3 10. Qxd3 e6 11. Bd2 Ngf6 12. 0-0-0 Be7 13. Kb1 0-0 14. Ne4 Nxe4 15. Qxe4 Nf6 16. Qe2 Ng4 17. Ne5 Nxe5 18. dxe5 Qc7 19. g4 Rfd8 20. Rde1 Rd5 21. f4 Rad8 22. Bc1 Qb6 23. g5 Ba3 24. gxh6 gxh6 25. f5 Rd2 26. Qg4+ Kf8 27. f6 Qb5 28. Rhg1 Ke8 29. Qg8+ Bf8 30. Rg7 R2d7 31. Qxf8+ Kxf8 32. Reg1 1-0

[Event "Reykjavik op"]
[Site "Reykjavik"]
[Date "2023.04.03"]
[Round "8"]
[White "Buchert, Matthaus"]
[Black "Ragnarsson, Johann Hjortur"]
[Result "0-1"]
[WhiteElo "1641"]
[BlackElo "1929"]
[PlyCount "84"]
[EventDate "2023.03.29"]
[EventType "swiss"]
[EventRounds "9"]
[EventCountry "ISL"]
[SourceTitle "EXT 2024"]
[Source "ChessBase"]
[SourceDate "2023.10.10"]
[SourceVersion "1"]
[SourceVersionDate "2023.10.10"]
[SourceQuality "1"]

1. e4 c6 2. d4 d5 3. exd5 cxd5 4. Bd3 Nc6 5. c3 Qc7 6. Ne2 Bg4 7. f3 Bh5 8. Bf4 Qd7 9. 0-0 e6 10. Qe1 Bg6 11. Bxg6 hxg6 12. Nd2 Bd6 13. Bxd6 Qxd6 14. f4 Nge7 15. Nc1 b5 16. Nd3 b4 17. Nf3 bxc3 18. bxc3 Nf5 19. g4 Nh6 20. Qh4 0-0 21. Nfe5 Rfc8 22. Nc5 Nxe5 23. fxe5 Qd8 24. Qg3 Qg5 25. h3 Rab8 26. Rab1 Qd2 27. a4 Rb2 28. Rxb2 Qxb2 29. Rf2 Qa3 30. Qd3 Rb8 31. Rc2 Qa1+ 32. Kg2 Rb1 33. Rf2 Rg1+ 34. Kf3 Rh1 35. Kg3 g5 36. Qf3 Kh8 37. a5 Qg1+ 38. Qg2 Qe1 39. Na4 Rg1 40. a6 Qa1 41. Qxg1 Qxg1+ 42. Kf3 Qd1+ 0-1

[Event "Reykjavik Skakping op"]
[Site "Reykjavik"]
[Date "2023.01.22"]
[Round "5"]
[White "Ingvason, Johann"]
[Black "Ragnarsson, Johann Hjortur"]
[Result "1-0"]
[WhiteElo "2132"]
[BlackElo "1900"]
[PlyCount "55"]
[EventDate "2023.01.08"]
[EventType "swiss"]
[EventRounds "9"]
[EventCountry "ISL"]
[SourceTitle "EXT 2024"]
[Source "ChessBase"]
[SourceDate "2023.10.10"]
[SourceVersion "1"]
[SourceVersionDate "2023.10.10"]
[SourceQuality "1"]

1. e4 c6 2. d4 d5 3. Nc3 dxe4 4. Nxe4 Bf5 5. Ng3 Bg6 6. h4 h6 7. Nh3 e6 8. Nf4 Bh7 9. Bc4 Nf6 10. 0-0 Bd6 11. Re1 0-0 12. Ngh5 Nxh5 13. Nxh5 Qxh4 14. g3 Qh3 15. Bf4 Be7 16. Bxb8 Raxb8 17. Nf4 Qf5 18. Nxe6 Rfc8 19. Nxg7 Kxg7 20. Rxe7 Bg6 21. Qe2 Qf6 22. c3 c5 23. dxc5 Rxc5 24. Re1 Qc6 25. Bd3 Bh5 26. Qe3 Qd6 27. Be2 Qf6 28. Qxc5 1-0

[Event "Gardabaer op"]
[Site "Gardabaer"]
[Date "2021.11.14"]
[Round "7"]
[White "Kjartansson, David"]
[Black "Ragnarsson, Johann Hjortur"]
[Result "1-0"]
[WhiteElo "2317"]
[BlackElo "1915"]
[PlyCount "115"]
[EventDate "2021.11.11"]
[EventType "swiss"]
[EventRounds "7"]
[EventCountry "ISL"]
[SourceTitle "EXT 2023"]
[Source "ChessBase"]
[SourceDate "2022.10.05"]
[SourceVersion "1"]
[SourceVersionDate "2022.10.05"]
[SourceQuality "1"]

1. d4 d5 2. Bf4 Nf6 3. Nc3 Bf5 4. e3 e6 5. Nf3 Nh5 6. Be5 f6 7. Bg3 Nxg3 8. hxg3 h6 9. Bd3 Bxd3 10. Qxd3 Qd7 11. 0-0-0 Nc6 12. e4 0-0-0 13. a3 g5 14. exd5 exd5 15. Nd2 Qh7 16. Qf3 Nxd4 17. Qg4+ Nf5 18. Nb3 h5 19. Qa4 Qf7 20. Qxa7 c6 21. Qa8+ Kc7 22. Qa5+ Kc8 23. Na4 Bd6 24. g4 Bf4+ 25. Kb1 Nd6 26. Nbc5 Kb8 27. Rxh5 Nc4 28. Qb4 Bd2 29. Rxd2 Nxd2+ 30. Qxd2 Rxh5 31. gxh5 Qxh5 32. Qe3 Qf7 33. Nd3 Re8 34. Qb6 Qc7 35. Qb3 b5 36. Nac5 Kc8 37. Qb4 Kd8 38. Qg4 Qe7 39. b3 Rh8 40. Kb2 Rh4 41. Qf5 Kc7 42. g3 Rh6 43. Qg4 Kd8 44. Ne6+ Ke8 45. Nd4 Qd7 46. Nf5 Rh7 47. Nc5 Qc7 48. f4 Rh2 49. Nd4 Qe7 50. Nde6 Qh7 51. Nd4 Qe7 52. Nce6 c5 53. Nxb5 d4 54. Nbc7+ Kd7 55. Qf3 Qd6 56. Qa8 Qb6 57. Qe8+ Kd6 58. Qd8+ 1-0

[Event "Gardabaer op"]
[Site "Gardabaer"]
[Date "2021.11.13"]
[Round "6"]
[White "Hallsson, Jon Eggert"]
[Black "Ragnarsson, Johann Hjortur"]
[Result "0-1"]
[WhiteElo "1702"]
[BlackElo "1915"]
[PlyCount "60"]
[EventDate "2021.11.11"]
[EventType "swiss"]
[EventRounds "7"]
[EventCountry "ISL"]
[SourceTitle "EXT 2023"]
[Source "ChessBase"]
[SourceDate "2022.10.05"]
[SourceVersion "1"]
[SourceVersionDate "2022.10.05"]
[SourceQuality "1"]

1. d4 Nf6 2. Bf4 e6 3. e3 b6 4. Nc3 Bb7 5. Nf3 Be7 6. Bd3 d5 7. Nb5 Na6 8. a3 0-0 9. Qe2 c6 10. Nc3 Nb8 11. Ne5 c5 12. Qf3 Nc6 13. Qg3 c4 14. Be2 Ne8 15. h4 f6 16. Ng4 Kh8 17. 0-0-0 a6 18. e4 b5 19. exd5 exd5 20. Ne3 b4 21. axb4 Nxb4 22. Nf5 Rg8 23. Bh5 Bc8 24. Nxe7 Qxe7 25. Rhe1 Qd8 26. Bxe8 Rxe8 27. Bd6 a5 28. Rxe8+ Qxe8 29. Bxb4 axb4 30. Nxd5 Qe2 0-1

[Event "ISL-chT1 1920"]
[Site "Reykjavik"]
[Date "2021.05.16"]
[Round "9.5"]
[White "Stefansson, Vignir Vatnar"]
[Black "Ragnarsson, Johann Hjortur"]
[Result "1-0"]
[WhiteElo "2327"]
[BlackElo "1921"]
[PlyCount "61"]
[EventDate "2019.10.03"]
[EventType "team-tourn"]
[EventRounds "9"]
[EventCountry "ISL"]
[SourceTitle "EXT 2022"]
[Source "ChessBase"]
[SourceDate "2021.10.06"]
[SourceVersion "1"]
[SourceVersionDate "2021.10.06"]
[SourceQuality "1"]
[WhiteTeam "Breidjablik Bolungarvik"]
[BlackTeam "Taflfelag Gardjabaejar"]
[WhiteTeamCountry "ISL"]
[BlackTeamCountry "ISL"]

1. d4 d5 2. c4 e6 3. Nc3 c6 4. Nf3 dxc4 5. e3 b5 6. a4 Bb4 7. Nd2 a5 8. axb5 Bxc3 9. bxc3 cxb5 10. Rb1 Bd7 11. Ba3 Ne7 12. Ne4 0-0 13. Nd6 Nd5 14. Qc1 b4 15. Bb2 Qc7 16. Nxc4 Bb5 17. cxb4 Rc8 18. Nd6 Qxc1+ 19. Bxc1 Bxf1 20. Nxc8 Bxg2 21. Rg1 Be4 22. Ra1 Nxb4 23. Kd2 Nc2 24. Ra4 Nd7 25. Nd6 Bc6 26. Rc4 Nb4 27. Ba3 Nb6 28. Rcc1 Be8 29. Rg5 h6 30. Rgc5 Na2 31. Ra1 1-0

[Event "ISL-ch Online Rapid"]
[Site "Tornelo INT"]
[Date "2020.12.26"]
[Round "7"]
[White "Briem, Gudrun Fanney"]
[Black "Ragnarsson, Johann Hjortur"]
[Result "0-1"]
[WhiteElo "1230"]
[BlackElo "1935"]
[PlyCount "134"]
[EventDate "2020.12.26"]
[EventType "tourn (rapid)"]
[EventRounds "7"]
[EventCountry "ISL"]
[SourceTitle "CBM 199 Extra"]
[Source "ChessBase"]
[SourceDate "2021.01.31"]
[SourceVersion "1"]
[SourceVersionDate "2021.01.31"]
[SourceQuality "1"]

1. d4 d5 2. c4 e6 3. Nc3 c6 4. Nf3 dxc4 5. e4 b5 6. a3 Bb7 7. Bd2 Nf6 8. a4 a6 9. Bg5 Be7 10. Bxf6 Bxf6 11. axb5 cxb5 12. d5 exd5 13. Nxd5 Bxd5 14. exd5 Bxb2 15. Rb1 Bc3+ 16. Nd2 Qxd5 17. Be2 0-0 18. Bf3 Bxd2+ 19. Qxd2 Re8+ 20. Kd1 Qxd2+ 21. Kxd2 Ra7 22. Rhe1 Rd7+ 23. Kc2 Rxe1 24. Rxe1 Kf8 25. Bg4 Rd8 26. Bf3 f6 27. Bb7 Rd7 28. Bf3 Re7 29. Rd1 Ke8 30. Rd6 Rc7 31. Rb6 Nd7 32. Rxa6 Ne5 33. Be4 Kf7 34. h3 b4 35. Rb6 b3+ 36. Kc3 g6 37. Bd5+ Ke7 38. Rb4 Kd6 39. Be4 f5 40. Bb1 Kd5 41. Rb5+ Kd6 42. Rb4 Ra7 43. f4 Nc6 44. Rxc4 Ra1 45. Bd3 Rg1 46. Kxb3 Na5+ 47. Kb4 Nxc4 48. Bxc4 Rxg2 49. Bg8 h6 50. Bh7 Ke7 51. Bg8 Rf2 52. Bh7 Kf7 53. h4 Kg7 54. Bxg6 Kxg6 55. Kc5 Rxf4 56. Kd5 Rxh4 57. Ke6 Re4+ 58. Kd7 h5 59. Kd6 h4 60. Kd5 h3 61. Kc5 h2 62. Kd5 h1Q 63. Kc5 Qd1 64. Kb5 Re2 65. Kc6 Rc2+ 66. Kb7 Qb1+ 67. Ka7 Ra2# 0-1

[Event "ISL-ch Online Rapid"]
[Site "Tornelo INT"]
[Date "2020.12.26"]
[Round "4"]
[White "Ragnarsson, Johann Hjortur"]
[Black "Gudmundsson, Gunnar Erik"]
[Result "1-0"]
[WhiteElo "1935"]
[BlackElo "1729"]
[PlyCount "81"]
[EventDate "2020.12.26"]
[EventType "tourn (rapid)"]
[EventRounds "7"]
[EventCountry "ISL"]
[SourceTitle "CBM 199 Extra"]
[Source "ChessBase"]
[SourceDate "2021.01.31"]
[SourceVersion "1"]
[SourceVersionDate "2021.01.31"]
[SourceQuality "1"]

1. d4 Nf6 2. c4 e6 3. Nc3 Bb4 4. f3 d5 5. a3 Bxc3+ 6. bxc3 0-0 7. cxd5 exd5 8. e3 c5 9. Bd3 Nc6 10. Ne2 c4 11. Bb1 Na5 12. 0-0 Nb3 13. Ra2 a5 14. Ng3 a4 15. e4 dxe4 16. fxe4 Bg4 17. Qc2 Nxc1 18. e5 Nxa2 19. Rxf6 g6 20. Bxa2 b5 21. h3 Be6 22. Qd2 Kg7 23. Qg5 h6 24. Qe3 Bc8 25. Nh5+ Kh7 26. Bb1 Ra6 27. Rf2 f5 28. exf6 Raxf6 29. Nxf6+ Rxf6 30. Rxf6 Qxf6 31. Qe8 Bf5 32. Qxb5 Bxb1 33. Qxb1 Qg5 34. Qe1 Kg7 35. Qe2 Kf6 36. Kf2 Qf4+ 37. Qf3 Qxf3+ 38. Kxf3 Ke6 39. Ke4 Kd6 40. d5 g5 41. g4 1-0

[Event "Reykjavik Haustmot-B"]
[Site "Reykjavik"]
[Date "2020.09.17"]
[Round "2"]
[White "Ragnarsson, Johann Hjortur"]
[Black "Mai, Alexander Oliver"]
[Result "0-1"]
[WhiteElo "1952"]
[BlackElo "2055"]
[PlyCount "38"]
[EventDate "2020.09.13"]
[EventType "tourn"]
[EventRounds "9"]
[EventCountry "ISL"]
[SourceTitle "CBM 198 Extra"]
[Source "ChessBase"]
[SourceDate "2020.11.30"]
[SourceVersion "1"]
[SourceVersionDate "2020.11.30"]
[SourceQuality "1"]

1. d4 Nf6 2. c4 g6 3. Nc3 Bg7 4. e4 d6 5. f4 c5 6. d5 0-0 7. Nf3 e6 8. Be2 exd5 9. cxd5 Nbd7 10. e5 dxe5 11. fxe5 Ng4 12. e6 Nde5 13. exf7+ Rxf7 14. 0-0 Nxf3+ 15. Bxf3 Bd4+ 16. Kh1 Nxh2 17. Qe1 Nxf1 18. d6 Qxd6 19. Ne4 Qh2# 0-1

[Event "Reykjavik ISL-ch op"]
[Site "Reykjavik"]
[Date "2020.08.24"]
[Round "3"]
[White "Hardarson, Petur Palmi1111"]
[Black "Ragnarsson, Johann Hjortur"]
[Result "1-0"]
[WhiteElo "2061"]
[BlackElo "1952"]
[PlyCount "51"]
[EventDate "2020.08.22"]
[EventType "swiss"]
[EventRounds "9"]
[EventCountry "ISL"]
[SourceTitle "CBM 198 Extra"]
[Source "ChessBase"]
[SourceDate "2020.11.30"]
[SourceVersion "1"]
[SourceVersionDate "2020.11.30"]
[SourceQuality "1"]

1. d4 f5 2. Nf3 e6 3. g3 Nf6 4. Bg2 d5 5. 0-0 Bd6 6. c4 c6 7. b3 Qe7 8. Bb2 Nbd7 9. Nbd2 0-0 10. Qc2 Ne4 11. Ne1 b6 12. Nxe4 fxe4 13. f3 Nf6 14. fxe4 Ng4 15. e5 Bxe5 16. Rxf8+ Qxf8 17. Bf3 Bxg3 18. hxg3 Qd6 19. Bxg4 Qxg3+ 20. Ng2 Qxg4 21. cxd5 Ba6 22. Qxc6 Rd8 23. Qxe6+ Qxe6 24. dxe6 Bxe2 25. Re1 Bg4 26. e7 1-0

[Event "EU-ch Online U2300 Qual"]
[Site "Chess.com INT"]
[Date "2020.05.25"]
[Round "7"]
[White "Ragnarsson, Johann Hjortur"]
[Black "Skreno, Vladimir"]
[Result "1-0"]
[WhiteElo "1956"]
[BlackElo "2119"]
[PlyCount "51"]
[EventDate "2020.05.25"]
[EventType "swiss"]
[EventRounds "8"]
[EventCountry "NET"]
[SourceTitle "EXT 2021"]
[Source "ChessBase"]
[SourceDate "2020.10.23"]
[SourceVersion "1"]
[SourceVersionDate "2020.10.23"]
[SourceQuality "1"]

1. d4 Nf6 2. Bg5 g6 3. c4 Bg7 4. Nc3 d6 5. e4 Nbd7 6. f3 0-0 7. Nge2 h6 8. Be3 e5 9. d5 c6 10. Qd2 cxd5 11. cxd5 Kh7 12. Ng3 b6 13. Be2 Nc5 14. 0-0 h5 15. b4 Ncd7 16. Bb5 Ne8 17. Bc6 Rb8 18. Kh1 Rg8 19. Nb5 a6 20. Nc3 Bf8 21. Qf2 Be7 22. f4 exf4 23. Qxf4 Rg7 24. Bxd7 Bxd7 25. Qh6+ Kg8 26. Bd4 1-0

[Event "Reykjavik Congress"]
[Site "Reykjavik"]
[Date "2020.01.26"]
[Round "7"]
[White "Ragnarsson, Johann Hjortur"]
[Black "Halldorsson, Bragi"]
[Result "0-1"]
[WhiteElo "1946"]
[BlackElo "2089"]
[PlyCount "108"]
[EventDate "2020.01.05"]
[EventType "swiss"]
[EventRounds "9"]
[EventCountry "ISL"]
[SourceTitle "CBM 194 Extra"]
[Source "ChessBase"]
[SourceDate "2020.03.31"]
[SourceVersion "1"]
[SourceVersionDate "2020.03.31"]
[SourceQuality "1"]

1. d4 c6 2. c4 d5 3. cxd5 cxd5 4. Bf4 Nc6 5. Nc3 Nf6 6. Rc1 Bf5 7. Nf3 e6 8. e3 Bd6 9. Bxd6 Qxd6 10. Nh4 Bg6 11. Qb3 Rb8 12. Nb5 Qe7 13. Nxg6 hxg6 14. Qa4 0-0 15. Bd3 a6 16. Nc3 e5 17. dxe5 Qxe5 18. 0-0 b5 19. Qd1 Rbc8 20. Qe2 Rc7 21. f4 Qd6 22. Bxb5 axb5 23. Nxb5 Qe7 24. Nxc7 Qxc7 25. Qc2 Rc8 26. b4 Qb7 27. Qb3 d4 28. b5 Ne7 29. Rxc8+ Nxc8 30. exd4 Qe4 31. Qc3 Nb6 32. h3 Nfd5 33. Qd2 Nc4 34. Qf2 Nce3 35. Rc1 f6 36. a4 Nxf4 37. Re1 Nfxg2 38. Re2 Qxd4 39. Rb2 Nf4 40. Kh2 Nf1+ 41. Qxf1 Qxb2+ 42. Kg3 Nh5+ 43. Kf3 Qa3+ 44. Kf2 Qxa4 45. Qb1 Qd4+ 46. Ke2 Nf4+ 47. Kf3 Qd3+ 48. Qxd3 Nxd3 49. b6 Nc5 50. Ke3 Kf7 51. Kd4 Nd7 52. b7 Ke7 53. Kd5 Kd8 54. Ke6 f5 0-1